The advanced guide to Microsoft Works / (Record no. 179784)
[ view plain ]
| 000 -LEADER | |
|---|---|
| fixed length control field | 01298 a2200193 4500 |
| 003 - CONTROL NUMBER IDENTIFIER | |
| control field | NUST |
| 005 - DATE AND TIME OF LATEST TRANSACTION | |
| control field | 20230605124731.0 |
| 010 ## - LIBRARY OF CONGRESS CONTROL NUMBER | |
| LC control number | 86229027 |
| 020 ## - INTERNATIONAL STANDARD BOOK NUMBER | |
| International Standard Book Number | 0078812402 (pbk.) |
| 040 ## - CATALOGING SOURCE | |
| Transcribing agency | Nust |
| 082 00 - DEWEY DECIMAL CLASSIFICATION NUMBER | |
| Classification number | 005.43,SCE |
| 100 1# - MAIN ENTRY--PERSONAL NAME | |
| Personal name | Scellato, Donald J. |
| 9 (RLIN) | 112984 |
| 245 14 - TITLE STATEMENT | |
| Title | The advanced guide to Microsoft Works / |
| Statement of responsibility, etc. | Donald J. Scellato. |
| 260 ## - PUBLICATION, DISTRIBUTION, ETC. | |
| Place of publication, distribution, etc. | Berkeley, Calif. : |
| Name of publisher, distributor, etc. | Osborne McGraw-Hill, |
| Date of publication, distribution, etc. | c1986. |
| 300 ## - PHYSICAL DESCRIPTION | |
| Extent | xvi, 269 p. ; |
| Other physical details | ill. ; |
| Dimensions | 24 cm. |
| 505 ## - FORMATTED CONTENTS NOTE | |
| Formatted contents note | The Evolution Of Personal Computers And Integrated Software (Page-1), The Macintosh And MS Works (Page-10), Introducing The MS Works Database Manager (Page-26), Introducing The MS Works Spreadsheet Program (Page-46), Introducing The MS Works Spreadsheet Graphics Program (Page-80), Introducing The MS Works Comm. Program (Page-98), Introducing The MS Works Word Processing Program (Page-112), Introduction To Integration (Page-130), Using MS Works Integration At School (Page-142), Using MS Works Integration (Page-162), Using Data From Other Software Packages In MS Works (Page-180), Printers To Use With MS Works (Page-198), Using Special Input Devices With MS Works (Page-216), Troubleshooting (Page-230), Graduating To Excel (Page-246). |
| 650 #0 - SUBJECT ADDED ENTRY--TOPICAL TERM | |
| Topical term or geographic name entry element | Macintosh (Computer) |
| General subdivision | Programming. |
| 9 (RLIN) | 44489 |
| 942 ## - ADDED ENTRY ELEMENTS (KOHA) | |
| Source of classification or shelving scheme | |
| Koha item type | Book |
| Call number prefix | 005.43,SCE |
| Withdrawn status | Lost status | Source of classification or shelving scheme | Damaged status | Not for loan | Permanent Location | Current Location | Shelving location | Date acquired | Full call number | Barcode | Date last seen | Price effective from | Koha item type | Public note | Collection code | Total Checkouts |
|---|---|---|---|---|---|---|---|---|---|---|---|---|---|---|---|---|
| Military College of Signals (MCS) | Military College of Signals (MCS) | General Stacks | 12/12/2016 | 005.43,SCE | MCS1820 | 12/08/2016 | 12/12/2016 | Book | Almirah No.81, Shelf No.1 | |||||||
| Military College of Signals (MCS) | Military College of Signals (MCS) | General Stacks | 12/12/2016 | 005.43,SCE | MCS1821 | 12/08/2016 | 12/12/2016 | Book | Almirah No.81, Shelf No.1 | |||||||
| Military College of Signals (MCS) | Military College of Signals (MCS) | 12/12/2016 | 005.43 SCE | MCS1822 | 12/08/2016 | 12/12/2016 | Book |
